000 00558naa a2200193 u 4500
005 20240911064445.0
008 070810s2006 r 000 0 spa d
035 _aUPN01000150759
100 1 _aALANIS TALANTES, Leonardo
222 _aINVESTIGACION EN LA ESCUELA
245 _a¿Qué humanidades necesitamos?: una respuesta global
260 _aSevilla, España
300 _a47-59
362 _a1999 No. 37
650 0 4 _aCiencias sociales
_99133
650 7 _aEducación secundaria
_2
_94281
650 4 _aNeoliberalismo
_913747
905 _aArticulo
999 _c122900
_d122900